000 00453nam a2200205Ia 4500
001 13173
003 GE_BSU
008 181216s||||||||xx |||||||||||||| ||und||
020 _a9780755335053
040 _cGE_BSU
080 _a821.111-3
100 _aO'Brien,Martin.
245 _aJacquot and the master.
260 _aLondon.
260 _bHeadline.
260 _c2007
300 _a535p;18cm.
653 _aJacquot and the master.
942 _cBK
999 _c46337
_d46337